[Event "Montigny le Bretonneux op 24th"]
[Site "Montigny le Bretonneux"]
[Date "2022.05.26"]
[Round "3"]
[White "Couradin, Bruno"]
[Black "Mongey, Alain"]
[Result "1-0"]
[WhiteElo "1411"]
[BlackElo "1548"]
[PlyCount "39"]
[EventDate "2022.05.26"]
[EventType "swiss"]
[EventRounds "9"]
[EventCountry "FRA"]
[SourceTitle "CBM 208 Extra"]
[Source "ChessBase"]
[SourceDate "2022.07.31"]
[SourceVersion "1"]
[SourceVersionDate "2022.07.31"]
[SourceQuality "1"]

1. d4 d5 2. Nf3 Nf6 3. Bf4 e6 4. Nc3 c5 5. e3 Nc6 6. Bb5 a6 7. Bxc6+ bxc6 8. 0-0 c4 9. Ne5 c5 10. b4 cxb3 11. axb3 Qb6 12. Na4 Qb5 13. c4 dxc4 14. bxc4 Qb7 15. Rb1 Qa7 16. Nb6 Bb7 17. Nxa8 Qxa8 18. f3 Nh5 19. Qa4+ Ke7 20. Qd7+ 1-0

[Event "Montigny le Bretonneux Noel op 20th"]
[Site "Montigny le Bretonneux"]
[Date "2019.12.27"]
[Round "2"]
[White "Surugue, Philippe"]
[Black "Mongey, Alain"]
[Result "1-0"]
[WhiteElo "1867"]
[BlackElo "1589"]
[PlyCount "99"]
[EventDate "2019.12.27"]
[EventType "swiss"]
[EventRounds "7"]
[EventCountry "FRA"]
[SourceTitle "CBM 194 Extra"]
[Source "ChessBase"]
[SourceDate "2020.03.31"]
[SourceVersion "1"]
[SourceVersionDate "2020.03.31"]
[SourceQuality "1"]

1. d4 d5 2. Bg5 Nf6 3. Bxf6 exf6 4. e3 c6 5. a3 Bd6 6. Nc3 Bf5 7. Bd3 Qd7 8. Nf3 Bg4 9. h3 Bh5 10. g4 Bg6 11. Nh4 Bxd3 12. Qxd3 g6 13. 0-0-0 Qc7 14. f4 b5 15. Ne2 a5 16. Nf3 Nd7 17. h4 Nb6 18. g5 f5 19. Ne5 b4 20. axb4 axb4 21. b3 Ra3 22. Kd2 Bxe5 23. dxe5 Nc4+ 24. Ke1 Nb2 25. Qd4 Nxd1 26. e6 Rf8 27. exf7+ Rxf7 28. Kxd1 Qa7 29. Qxa7 Raxa7 30. Kd2 c5 31. h5 c4 32. Nd4 cxb3 33. Nxb3 Ra2 34. hxg6 hxg6 35. Rh8+ Rf8 36. Rh6 Rg8 37. Rh7 Ra6 38. Rb7 Ra4 39. Kd3 Kf8 40. Nc5 Ra3+ 41. Kd4 Rc3 42. Nd7+ Ke7 43. Nf6+ Kd6 44. Nxg8 Rxc2 45. Rxb4 Rd2+ 46. Kc3 Rd1 47. Rb6+ Kc5 48. Rxg6 d4+ 49. exd4+ Rxd4 50. Rc6+ 1-0

[Event "Montigny le Bretonneux Noel op 19th"]
[Site "Montigny le Bretonneux"]
[Date "2018.12.30"]
[Round "7"]
[White "Mongey, Alain"]
[Black "Rouast, Joseph"]
[Result "0-1"]
[WhiteElo "1573"]
[BlackElo "1648"]
[PlyCount "94"]
[EventDate "2018.12.26"]
[EventType "swiss"]
[EventRounds "7"]
[EventCountry "FRA"]
[SourceTitle "CBM 188 Extra"]
[Source "ChessBase"]
[SourceDate "2019.02.28"]
[SourceVersion "1"]
[SourceVersionDate "2019.02.28"]
[SourceQuality "1"]

1. d4 Nf6 2. Bg5 d5 3. Nf3 e6 4. e3 c5 5. c3 cxd4 6. exd4 Bd6 7. Bd3 0-0 8. Qc2 h6 9. Bh4 Nc6 10. 0-0 Bd7 11. Re1 Rc8 12. a3 Re8 13. Nbd2 e5 14. dxe5 Nxe5 15. Nxe5 Rxe5 16. Rxe5 Bxe5 17. Nf3 Bd6 18. Re1 g5 19. Bg3 Bxg3 20. hxg3 Qb6 21. Qd2 Re8 22. Rxe8+ Bxe8 23. Qe2 Qe6 24. Qd1 Qb6 25. b4 Bb5 26. Bxb5 Qxb5 27. Qd4 Qb6 28. Qxb6 axb6 29. Nd2 b5 30. f3 Kf8 31. Kf2 Ke7 32. Ke3 Ne8 33. Kd4 Kd6 34. Nf1 Nc7 35. Ne3 Ne6+ 36. Kd3 Ng7 37. Kc2 f5 38. Kb3 Ke5 39. a4 bxa4+ 40. Kxa4 d4 41. cxd4+ Kxd4 42. Nc2+ Kd3 43. Na3 Ne8 44. Kb5 Nd6+ 45. Kc5 Nc8 46. Nc4 Ke2 47. Kd5 Kf2 0-1

[Event "Montigny le Bretonneux Noel op 19th"]
[Site "Montigny le Bretonneux"]
[Date "2018.12.28"]
[Round "4"]
[White "Mongey, Alain"]
[Black "Plantet, Marc"]
[Result "0-1"]
[WhiteElo "1573"]
[BlackElo "1745"]
[PlyCount "44"]
[EventDate "2018.12.26"]
[EventType "swiss"]
[EventRounds "7"]
[EventCountry "FRA"]
[SourceTitle "CBM 188 Extra"]
[Source "ChessBase"]
[SourceDate "2019.02.28"]
[SourceVersion "1"]
[SourceVersionDate "2019.02.28"]
[SourceQuality "1"]

1. d4 Nf6 2. Nf3 e6 3. Bg5 Be7 4. e3 b6 5. c4 Bb7 6. Nc3 0-0 7. Be2 d5 8. 0-0 h6 9. Bh4 Nbd7 10. a3 c5 11. dxc5 Nxc5 12. Rc1 Rc8 13. b4 Nce4 14. Nxe4 Nxe4 15. Bxe7 Qxe7 16. cxd5 Bxd5 17. Qd3 Rc7 18. Rxc7 Qxc7 19. Qd4 Rd8 20. Qb2 Qc3 21. Qxc3 Nxc3 22. Bd1 Bc4 0-1

[Event "Montigny le Bretonneux Noel op 19th"]
[Site "Montigny le Bretonneux"]
[Date "2018.12.27"]
[Round "1"]
[White "Charalambides, Tom"]
[Black "Mongey, Alain"]
[Result "0-1"]
[WhiteElo "1040"]
[BlackElo "1573"]
[PlyCount "56"]
[EventDate "2018.12.26"]
[EventType "swiss"]
[EventRounds "7"]
[EventCountry "FRA"]
[SourceTitle "CBM 188 Extra"]
[Source "ChessBase"]
[SourceDate "2019.02.28"]
[SourceVersion "1"]
[SourceVersionDate "2019.02.28"]
[SourceQuality "1"]

1. d4 Nf6 2. Nc3 d5 3. Bd2 Bf5 4. e3 e6 5. Bb5+ Nbd7 6. Bxd7+ Qxd7 7. g4 Bxg4 8. f3 Bh5 9. Nge2 Bxf3 10. Rf1 Bh5 11. Rg1 Qd6 12. Rg2 g6 13. Nb5 Qb6 14. Nbc3 Bh6 15. Qc1 a6 16. Rf2 Bg5 17. Na4 Qc6 18. Nac3 Bh4 19. Nd1 Ne4 20. Nf4 Bxd1 21. Qxd1 Bxf2+ 22. Ke2 b5 23. Be1 Bxe1 24. Qxe1 Qxc2+ 25. Kf3 Qxh2 26. Rc1 Rc8 27. Qh1 Qf2+ 28. Kg4 Qg3# 0-1

[Event "Montigny le Bretonneux Noel op 17th"]
[Site "Montigny le Bretonneux"]
[Date "2016.12.29"]
[Round "6"]
[White "Mongey, Alain"]
[Black "Ider, Bayar"]
[Result "1-0"]
[WhiteElo "1589"]
[BlackElo "1222"]
[PlyCount "159"]
[EventDate "2016.12.26"]
[EventType "swiss"]
[EventRounds "7"]
[EventCountry "FRA"]
[SourceTitle "CBM 176 Extra"]
[Source "ChessBase"]
[SourceDate "2017.03.02"]
[SourceVersion "1"]
[SourceVersionDate "2017.03.02"]
[SourceQuality "1"]

1. d4 d5 2. Bg5 h6 3. Bh4 Nf6 4. Bxf6 exf6 5. Nf3 Bd6 6. e3 Be6 7. Bd3 0-0 8. Nbd2 Nc6 9. a3 a5 10. c4 Re8 11. c5 Bf8 12. 0-0 Rb8 13. Bb5 Bd7 14. Qa4 Ra8 15. Nb1 Nb8 16. Bxd7 Qxd7 17. Qxd7 Nxd7 18. Nc3 c6 19. Rfb1 Reb8 20. g3 b6 21. b4 axb4 22. axb4 bxc5 23. bxc5 Rxa1 24. Rxa1 Rb3 25. Ne2 g5 26. Kg2 Rb7 27. Ra6 Nb8 28. Ra8 Nd7 29. Nc3 Rc7 30. Na4 Kg7 31. Ra6 Nb8 32. Ra8 Nd7 33. Nd2 f5 34. Nb1 h5 35. Nbc3 Be7 36. Nb6 Nf6 37. Rc8 Rxc8 38. Nxc8 Bd8 39. Na7 Ba5 40. Nd1 Kf8 41. Nxc6 Bc7 42. f3 Ke8 43. Nc3 Kd7 44. Na7 Bb8 45. Ncb5 Bxa7 46. Nxa7 Ne8 47. Nb5 Kc6 48. Nc3 Nf6 49. Kf2 Nd7 50. h3 Nb8 51. e4 dxe4 52. fxe4 fxe4 53. Nxe4 Kd5 54. Ke3 Nc6 55. Nf6+ Kc4 56. d5 Kxc5 57. dxc6 Kxc6 58. Nxh5 Kd5 59. Nf6+ Ke6 60. Ne4 f6 61. g4 Ke5 62. Ng3 Kd5 63. Nf5 Ke5 64. Ng7 Kd5 65. Nh5 Ke5 66. Ng3 Kd5 67. Nf5 Ke5 68. h4 gxh4 69. Nxh4 Ke6 70. Kf4 Ke7 71. Kf5 Kf7 72. Ng6 Kg7 73. Ne7 Kf7 74. Nd5 Kg7 75. Nxf6 Kh8 76. g5 Kg7 77. Nh5+ Kf8 78. g6 Kg8 79. Kg5 Kh8 80. Kh6 1-0

[Event "Montigny le Bretonneux Noel op 17th"]
[Site "Montigny le Bretonneux"]
[Date "2016.12.29"]
[Round "5"]
[White "Sondermeijer, Antoine"]
[Black "Mongey, Alain"]
[Result "0-1"]
[WhiteElo "1399"]
[BlackElo "1589"]
[PlyCount "122"]
[EventDate "2016.12.26"]
[EventType "swiss"]
[EventRounds "7"]
[EventCountry "FRA"]
[SourceTitle "CBM 176 Extra"]
[Source "ChessBase"]
[SourceDate "2017.03.02"]
[SourceVersion "1"]
[SourceVersionDate "2017.03.02"]
[SourceQuality "1"]

1. e4 c5 2. Nf3 Nc6 3. d4 cxd4 4. Nxd4 g6 5. Be3 Bg7 6. Nc3 d6 7. Qd2 Nf6 8. 0-0-0 Ng4 9. Nxc6 bxc6 10. e5 Nxe3 11. Qxe3 Bxe5 12. Bc4 0-0 13. h4 Be6 14. f4 Bxc3 15. Qxc3 Bg4 16. Rd2 Qb6 17. Qg3 h5 18. f5 Bxf5 19. Qg5 d5 20. Bd3 e6 21. Bxf5 exf5 22. Rf1 Qd8 23. Rxf5 Qxg5 24. Rxg5 Rae8 25. b3 Re4 26. Rg3 Rfe8 27. Rc3 R8e6 28. g3 f5 29. Kb2 Kf7 30. Rc5 Kf6 31. Ra5 Re7 32. Ra6 R4e6 33. b4 g5 34. hxg5+ Kxg5 35. b5 cxb5 36. Rxe6 Rxe6 37. Rxd5 a6 38. a3 Re4 39. Rd8 Kg4 40. Rg8+ Kf3 41. Rg5 Re5 42. c3 a5 43. Kb3 a4+ 44. Kb4 Kf2 45. Rg8 Kf3 46. Rg5 Rc5 47. Rg8 Kg2 48. Rg5 Kh3 49. Rg8 Rd5 50. Rg7 h4 51. gxh4 Kxh4 52. Rh7+ Kg3 53. Rg7+ Kf3 54. Rb7 f4 55. Rf7 Ke3 56. c4 bxc4 57. Kxc4 Rd4+ 58. Kc5 f3 59. Rf8 Rf4 60. Rxf4 Kxf4 61. Kd4 f2 0-1

[Event "Montigny le Bretonneux Noel op 17th"]
[Site "Montigny le Bretonneux"]
[Date "2016.12.28"]
[Round "3"]
[White "Ider, Ariuna"]
[Black "Mongey, Alain"]
[Result "0-1"]
[WhiteElo "1119"]
[BlackElo "1589"]
[PlyCount "120"]
[EventDate "2016.12.26"]
[EventType "swiss"]
[EventRounds "7"]
[EventCountry "FRA"]
[SourceTitle "CBM 176 Extra"]
[Source "ChessBase"]
[SourceDate "2017.03.02"]
[SourceVersion "1"]
[SourceVersionDate "2017.03.02"]
[SourceQuality "1"]

1. d4 d5 2. e3 Nf6 3. Bd3 e6 4. Nd2 c5 5. c3 Nc6 6. f4 cxd4 7. exd4 Bd6 8. Nb3 Qc7 9. Nf3 Bxf4 10. Bxf4 Qxf4 11. 0-0 Qe3+ 12. Kh1 Ne4 13. Bxe4 dxe4 14. Re1 Qf4 15. Nfd2 f5 16. Qh5+ g6 17. Qh3 Bd7 18. Rf1 Qg5 19. Nc4 Qe7 20. Qg3 0-0 21. h4 Qg7 22. Nd6 b6 23. Rf4 e5 24. dxe5 Nxe5 25. Rff1 Nd3 26. Rab1 Qe7 27. h5 f4 28. Qh2 Qxd6 29. hxg6 Qxg6 30. Qh4 Rf6 31. g3 f3 32. Nd2 Qh6 33. Nxe4 Qxh4+ 34. gxh4 Rf4 35. Nf2 Rxh4+ 36. Kg1 Nxf2 37. Kxf2 Bc6 38. Rg1+ Kf7 39. Rh1 Rxh1 40. Rxh1 Kg6 41. Rh4 Re8 42. Rd4 Kf5 43. Rd6 Re6 44. Rd4 h5 45. Rh4 Kg5 46. Rh1 Re2+ 47. Kf1 Rxb2 48. Rg1+ Rg2 49. Rxg2+ fxg2+ 50. Kg1 h4 51. a3 h3 52. Kh2 Kf4 53. Kg1 Ke3 54. Kh2 Kf2 55. Kxh3 g1Q 56. Kh4 Kf3 57. Kh5 Kf4 58. Kh6 Kf5 59. Kh7 Kf6 60. Kh8 Qg7# 0-1

[Event "Montigny le Bretonneux 1hKO 20th"]
[Site "Montigny le Bretonneux"]
[Date "2016.05.08"]
[Round "9.6"]
[White "Sagon, Lancelot"]
[Black "Mongey, Alain"]
[Result "1/2-1/2"]
[WhiteElo "1488"]
[BlackElo "1572"]
[PlyCount "93"]
[EventDate "2016.05.05"]
[EventType "swiss"]
[EventRounds "7"]
[EventCountry "FRA"]
[SourceTitle "EXT 2024"]
[Source "ChessBase"]
[SourceDate "2023.10.10"]
[SourceVersion "1"]
[SourceVersionDate "2023.10.10"]
[SourceQuality "1"]

1. e4 e5 2. Nf3 d6 3. Bc4 Be7 4. Nc3 Nf6 5. d3 0-0 6. 0-0 Bg4 7. Be3 c5 8. Nd5 Nc6 9. Nxe7+ Qxe7 10. Bg5 Nd4 11. Bd5 Rab8 12. Bh4 h6 13. Bb3 a5 14. a3 Nxf3+ 15. gxf3 Be6 16. Bxe6 Qxe6 17. Bg3 Nh5 18. Qd2 a4 19. f4 exf4 20. Bxf4 Nxf4 21. Qxf4 Qe5 22. Qxe5 dxe5 23. Kg2 f5 24. f3 f4 25. Rac1 Rf6 26. b3 b5 27. bxa4 bxa4 28. Rb1 Rfb6 29. Ra1 Rb2 30. Rfc1 g5 31. h4 Kg7 32. Kh3 Kg6 33. Kg4 h5+ 34. Kh3 gxh4 35. Kxh4 Kf6 36. Kh3 Rg8 37. Kh2 Rg3 38. Rab1 Rxb1 39. Rxb1 Rxf3 40. Rb6+ Kg5 41. Kg2 Re3 42. Kf2 h4 43. Rb8 h3 44. Rh8 Rg3 45. Rg8+ Kh4 46. Rh8+ Kg5 47. Rg8+ 1/2-1/2

[Event "Montigny le Bretonneux-C 14th"]
[Site "Montigny le Bretonneux"]
[Date "2015.10.20"]
[Round "4.1"]
[White "Mongey, Alain"]
[Black "Verat Fayolle, Celian"]
[Result "0-1"]
[WhiteElo "1612"]
[BlackElo "1580"]
[PlyCount "102"]
[EventDate "2015.10.17"]
[EventType "tourn"]
[EventRounds "9"]
[EventCountry "FRA"]
[SourceTitle "EXT 2024"]
[Source "ChessBase"]
[SourceDate "2023.10.10"]
[SourceVersion "1"]
[SourceVersionDate "2023.10.10"]
[SourceQuality "1"]

1. d4 d5 2. Nf3 c5 3. e3 e6 4. Bd3 Nf6 5. c3 Nc6 6. 0-0 Bd6 7. h3 0-0 8. dxc5 Bxc5 9. Nbd2 e5 10. Bc2 h6 11. a3 Be6 12. b4 Bd6 13. Bb2 Qd7 14. Bb3 e4 15. Nd4 Nxd4 16. cxd4 Bxh3 17. Ba4 Qf5 18. f4 Qg6 19. Qe2 Nh5 20. Rf2 Be7 21. Bc2 Bh4 22. Nf3 Bxf2+ 23. Qxf2 Qxg2+ 24. Qxg2 Bxg2 25. Kxg2 exf3+ 26. Kxf3 Nf6 27. Bf5 g6 28. Bh3 Ne4 29. Rc1 f5 30. Bf1 Nd2+ 31. Ke2 Nxf1 32. Kxf1 Rac8 33. Rc5 Rxc5 34. dxc5 a6 35. Kf2 g5 36. fxg5 hxg5 37. Be5 Re8 38. Bd4 Kf7 39. Kf3 Kg6 40. Kf2 Kh5 41. Kg3 f4+ 42. exf4 gxf4+ 43. Kf3 Kg5 44. Bb2 Kf5 45. Bc1 Re4 46. Bd2 d4 47. Bc1 Re3+ 48. Kf2 Ke4 49. a4 Rb3 50. b5 axb5 51. a5 Rc3 0-1

[Event "Montigny le Bretonneux op 13th"]
[Site "Montigny le Bretonneux"]
[Date "2014.10.24"]
[Round "7"]
[White "Chahmirian, Armen"]
[Black "Mongey, Alain"]
[Result "1-0"]
[WhiteElo "1530"]
[BlackElo "1670"]
[PlyCount "65"]
[EventDate "2014.10.18"]
[EventType "swiss"]
[EventRounds "9"]
[EventCountry "FRA"]
[SourceTitle "EXT 2016"]
[Source "ChessBase"]
[SourceDate "2015.10.08"]
[SourceVersion "1"]
[SourceVersionDate "2015.10.08"]
[SourceQuality "1"]

1. e4 c5 2. Nf3 Nc6 3. Nc3 g6 4. d4 cxd4 5. Nxd4 Bg7 6. Be3 d6 7. f4 Nf6 8. h3 a6 9. Nxc6 bxc6 10. e5 Nh5 11. Bc4 Ng3 12. Rg1 d5 13. Bb3 f5 14. Na4 Rb8 15. Qd3 Ne4 16. 0-0-0 0-0 17. Ba7 Ra8 18. Bb6 Qd7 19. Nc5 Qe8 20. Bxd5+ Kh8 21. Bxe4 fxe4 22. Qxe4 Bh6 23. Rgf1 Rb8 24. Ba5 Rb5 25. b4 Qf7 26. e6 Qf6 27. Qd4 Kg8 28. Qxf6 Rxf6 29. Rd8+ Rf8 30. Rxf8+ Kxf8 31. g3 Rb8 32. Rd1 Bb7 33. Nd7+ 1-0

[Event "Montigny le Bretonneux op 13th"]
[Site "Montigny le Bretonneux"]
[Date "2014.10.22"]
[Round "5"]
[White "Mousset Evtouchenko, Nina"]
[Black "Mongey, Alain"]
[Result "0-1"]
[WhiteElo "1666"]
[BlackElo "1670"]
[PlyCount "122"]
[EventDate "2014.10.18"]
[EventType "swiss"]
[EventRounds "9"]
[EventCountry "FRA"]
[SourceTitle "EXT 2016"]
[Source "ChessBase"]
[SourceDate "2015.10.08"]
[SourceVersion "1"]
[SourceVersionDate "2015.10.08"]
[SourceQuality "1"]

1. e4 c5 2. d4 cxd4 3. c3 dxc3 4. Nxc3 Nc6 5. Nf3 g6 6. Bc4 Bg7 7. Bd2 d6 8. h3 Nf6 9. Qe2 a6 10. a3 b5 11. Ba2 Bb7 12. 0-0 0-0 13. Rfd1 Nd7 14. b4 Nd4 15. Nxd4 Bxd4 16. Rac1 Rc8 17. Nd5 Bxd5 18. exd5 Bg7 19. Rxc8 Qxc8 20. Rc1 Qd8 21. Rc6 Nb8 22. Rc1 Qd7 23. Be3 Rc8 24. Qd2 Rxc1+ 25. Qxc1 f5 26. Bb3 Qb7 27. Bg5 Bf6 28. Bh6 Qd7 29. a4 Bg7 30. Bxg7 Kxg7 31. a5 Qb7 32. Qc3+ Kg8 33. Qc6 Qd7 34. Qc3 h6 35. Kf1 Qb7 36. f3 Kh7 37. Ke2 Nd7 38. f4 Nf6 39. Qc6 Qa7 40. Qb6 Qa8 41. Qc6 Qxc6 42. dxc6 Ne8 43. Be6 Kg7 44. g4 fxg4 45. hxg4 Kf6 46. Bc8 Nc7 47. Kd3 e6 48. Kd4 h5 49. gxh5 gxh5 50. Ke4 h4 51. Kf3 Kf5 52. Bb7 h3 53. Kg3 h2 54. Kxh2 Kxf4 55. Kg2 Ke3 56. Bc8 Kd4 57. Kf3 Kc4 58. Ke4 Kxb4 59. Bxe6 Nxe6 60. Kd5 Nc7+ 61. Kxd6 Na8 0-1

[Event "Montigny le Bretonneux op 17th"]
[Site "Montigny le Bretonneux"]
[Date "2013.05.20"]
[Round "7"]
[White "Artieres, Michel"]
[Black "Mongey, Alain"]
[Result "0-1"]
[WhiteElo "1700"]
[BlackElo "1667"]
[PlyCount "51"]
[EventDate "2013.05.18"]
[EventType "swiss"]
[EventRounds "9"]
[EventCountry "FRA"]
[SourceTitle "EXT 2014"]
[Source "ChessBase"]
[SourceDate "2013.11.20"]
[SourceVersion "1"]
[SourceVersionDate "2013.11.20"]
[SourceQuality "1"]

1. e4 c5 2. Nf3 Nc6 3. d4 cxd4 4. Nxd4 g6 5. Bc4 Bg7 6. c3 Nf6 7. Qe2 0-0 8. Be3 Nxe4 9. Nxc6 bxc6 10. Bc1 Nd6 11. Bb3 a5 12. Bc2 Re8 13. h4 Ba6 14. Qg4 Bc4 15. h5 Be6 16. Qh4 Nf5 17. Bxf5 Bxf5 18. g4 Be4 19. Rh3 e6 20. Bg5 f6 21. hxg6 Bxg6 22. Be3 f5 23. Bg5 Qc7 24. Re3 Rf8 25. Rd3 fxg4 26. Qxg4 0-1

[Event "Montigny le Bretonneux op 17th"]
[Site "Montigny le Bretonneux"]
[Date "2013.05.20"]
[Round "9"]
[White "Francois, Jean Claude"]
[Black "Mongey, Alain"]
[Result "1/2-1/2"]
[WhiteElo "1823"]
[BlackElo "1667"]
[PlyCount "70"]
[EventDate "2013.05.18"]
[EventType "swiss"]
[EventRounds "9"]
[EventCountry "FRA"]
[SourceTitle "EXT 2014"]
[Source "ChessBase"]
[SourceDate "2013.11.20"]
[SourceVersion "1"]
[SourceVersionDate "2013.11.20"]
[SourceQuality "1"]

1. e4 c5 2. c4 Nc6 3. Nf3 g6 4. Nc3 Bg7 5. d3 d6 6. Be2 Nf6 7. Bd2 0-0 8. Qc1 b6 9. Bh6 Bg4 10. Bxg7 Kxg7 11. Nd5 Bxf3 12. Bxf3 Nd4 13. Bd1 e6 14. Nf4 a6 15. Ne2 Nc6 16. 0-0 b5 17. b3 b4 18. h3 Nd7 19. Qb2+ Qf6 20. Qxf6+ Nxf6 21. f4 Rad8 22. Bc2 d5 23. cxd5 exd5 24. e5 Ng8 25. Rad1 f6 26. exf6+ Rxf6 27. Rf3 Re8 28. Rd2 Rxe2 29. Rxe2 Nd4 30. Ref2 Nxf3+ 31. Rxf3 Re6 32. Kf2 Ne7 33. g4 Nc6 34. Bd1 Nd4 35. f5 gxf5 1/2-1/2

[Event "Montigny le Bretonneux op 17th"]
[Site "Montigny le Bretonneux"]
[Date "2013.05.18"]
[Round "3"]
[White "Mongey, Alain"]
[Black "Verat Fayolle, Celian"]
[Result "1-0"]
[WhiteElo "1667"]
[BlackElo "1270"]
[PlyCount "91"]
[EventDate "2013.05.18"]
[EventType "swiss"]
[EventRounds "9"]
[EventCountry "FRA"]
[SourceTitle "EXT 2014"]
[Source "ChessBase"]
[SourceDate "2013.11.20"]
[SourceVersion "1"]
[SourceVersionDate "2013.11.20"]
[SourceQuality "1"]

1. d4 Nf6 2. Bg5 d5 3. Nf3 Nc6 4. e3 Bf5 5. a3 Qd7 6. c4 0-0-0 7. Nc3 h6 8. Bh4 g5 9. Bg3 Ne4 10. Nxd5 Nxg3 11. hxg3 Bg7 12. b4 e6 13. Nc3 g4 14. Nh4 e5 15. d5 e4 16. Rc1 Bxc3+ 17. Rxc3 Be6 18. Qc2 Qd6 19. Qxe4 Nxb4 20. axb4 Qxb4 21. Qc2 Bd7 22. Be2 Ba4 23. Qc1 c6 24. Bxg4+ Kb8 25. 0-0 h5 26. Bd1 Bxd1 27. Rxd1 Rhe8 28. Qa3 Qxa3 29. Rxa3 a6 30. Nf5 Re5 31. Nd4 cxd5 32. cxd5 Rexd5 33. Rb1 Ka8 34. Rb5 Rxb5 35. Nxb5 Rd1+ 36. Kh2 Rd5 37. Nc7+ Kb8 38. Nxd5 f5 39. Kh3 Kc8 40. Kh4 Kd7 41. Kxh5 Kc6 42. Ne7+ Kc5 43. Ra5+ Kd6 44. Nxf5+ Kc6 45. e4 Kb6 46. Rd5 1-0

[Event "Montigny le Bretonneux Noel op 15th"]
[Site "Montigny le Bretonneux"]
[Date "2012.12.27"]
[Round "3"]
[White "Mongey, Alain"]
[Black "Coulet, Axel"]
[Result "1-0"]
[WhiteElo "1667"]
[BlackElo "1339"]
[PlyCount "67"]
[EventDate "2012.12.26"]
[EventType "swiss"]
[EventRounds "7"]
[EventCountry "FRA"]
[SourceTitle "CBM 152 Extra"]
[Source "ChessBase"]
[SourceDate "2013.02.25"]
[SourceVersion "1"]
[SourceVersionDate "2013.02.25"]
[SourceQuality "1"]

1. d4 Nf6 2. Bg5 h6 3. Bh4 g6 4. Nf3 Bg7 5. e3 d6 6. Bd3 0-0 7. c4 c5 8. 0-0 Qb6 9. Qc2 Nc6 10. dxc5 dxc5 11. a3 Qc7 12. Nbd2 e6 13. Rfd1 Qb6 14. Rab1 Qc7 15. Bg3 Qe7 16. h3 e5 17. Ne4 Re8 18. Be2 Bf5 19. Bd3 Rad8 20. Nxf6+ Qxf6 21. Bxf5 Rxd1+ 22. Rxd1 gxf5 23. Rd2 Rd8 24. Rd5 e4 25. Rxd8+ Nxd8 26. Be5 Qg6 27. Nh4 Qh5 28. Bxg7 Qxh4 29. Qc3 Ne6 30. Be5 Qh5 31. Qd2 Qg6 32. Qd6 Ng5 33. Qd8+ Kh7 34. Qh8# 1-0

[Event "Montigny le Bretonneux-C 11th"]
[Site "Montigny le Bretonneux"]
[Date "2012.11.04"]
[Round "9"]
[White "Urtado, Olivier"]
[Black "Mongey, Alain"]
[Result "0-1"]
[WhiteElo "1626"]
[BlackElo "1652"]
[PlyCount "102"]
[EventDate "2012.10.27"]
[EventType "tourn"]
[EventRounds "9"]
[EventCountry "FRA"]
[SourceTitle "EXT 2014"]
[Source "ChessBase"]
[SourceDate "2013.11.20"]
[SourceVersion "1"]
[SourceVersionDate "2013.11.20"]
[SourceQuality "1"]

1. e4 e6 2. d4 d5 3. e5 c5 4. Nf3 Nc6 5. Bd3 cxd4 6. 0-0 Qc7 7. Re1 Bc5 8. a3 a6 9. Bf4 Nge7 10. Bg3 Ng6 11. h4 b5 12. h5 Nge7 13. b4 Bb6 14. h6 g6 15. Qd2 Nf5 16. Bxf5 gxf5 17. Qg5 Ne7 18. Qf6 Ng6 19. Qg7 Kd7 20. Qxf7+ Kc6 21. Qxc7+ Bxc7 22. Nxd4+ Kd7 23. f4 Bb6 24. c3 Bb7 25. Nd2 Rhc8 26. Rac1 Rc7 27. Kh2 Rac8 28. N4b3 Rxc3 29. Kh3 Nxf4+ 30. Kh2 Ng6 31. Rf1 Rxc1 32. Rxc1 Rxc1 33. Nxc1 Be3 34. Ncb3 Bxh6 35. Nc5+ Kc8 36. Ndb3 f4 37. Bf2 Nxe5 38. Na5 Ba8 39. Nxa6 Nc4 40. Nxc4 dxc4 41. Bd4 Bf8 42. Nc5 Bxc5 43. bxc5 Kd7 44. Kh3 Kc6 45. Kg4 Kd5 46. Bf2 Ke4 47. Kg5 c3 48. Be1 c2 49. Bd2 e5 50. Kf6 Kd3 51. Bc1 e4 0-1

[Event "Yvelines-ch"]
[Site "Fontenay le Fleury"]
[Date "2012.02.26"]
[Round "7"]
[White "Duget, Long Jc"]
[Black "Mongey, Alain"]
[Result "1-0"]
[WhiteElo "1887"]
[BlackElo "1698"]
[PlyCount "74"]
[EventDate "2012.02.18"]
[EventType "swiss"]
[EventRounds "7"]
[EventCountry "FRA"]
[SourceTitle "EXT 2013"]
[Source "ChessBase"]
[SourceDate "2012.11.22"]
[SourceVersion "1"]
[SourceVersionDate "2012.11.22"]
[SourceQuality "1"]

1. e4 e6 2. d4 d5 3. Nc3 Nf6 4. e5 Nfd7 5. f4 c5 6. Nf3 Nc6 7. Be3 Qb6 8. Na4 Qa5+ 9. c3 b5 10. Nxc5 b4 11. Nb3 Qb6 12. Be2 Ba6 13. 0-0 Bxe2 14. Qxe2 bxc3 15. bxc3 Be7 16. Rab1 Qc7 17. g4 Qd8 18. f5 h6 19. Bf2 h5 20. fxe6 fxe6 21. Qd3 Nf8 22. g5 Bxg5 23. Nc5 Be7 24. Nb7 Qc7 25. Nd6+ Bxd6 26. exd6 Qxd6 27. Bg3 Qd7 28. Qa6 Qc8 29. Qd3 Ne7 30. Ne5 Nf5 31. Bf4 Rg8 32. Qb5+ Nd7 33. Bg5 Nd6 34. Qa4 g6 35. h4 Nf5 36. Rbe1 Rg7 37. Nxd7 Qxd7 1-0

[Event "Yvelines-ch"]
[Site "Fontenay le Fleury"]
[Date "2012.02.19"]
[Round "4"]
[White "Mongey, Alain"]
[Black "Ducasse, Vincent"]
[Result "1-0"]
[WhiteElo "1698"]
[BlackElo "1499"]
[PlyCount "69"]
[EventDate "2012.02.18"]
[EventType "swiss"]
[EventRounds "7"]
[EventCountry "FRA"]
[SourceTitle "EXT 2013"]
[Source "ChessBase"]
[SourceDate "2012.11.22"]
[SourceVersion "1"]
[SourceVersionDate "2012.11.22"]
[SourceQuality "1"]

1. d4 d5 2. Nf3 Nf6 3. Bg5 e6 4. e3 Be7 5. c4 c5 6. cxd5 Qa5+ 7. Qd2 Qxd2+ 8. Nbxd2 exd5 9. dxc5 Bxc5 10. Bxf6 gxf6 11. Rc1 b6 12. b4 Nd7 13. bxc5 Nxc5 14. Bb5+ Bd7 15. Bxd7+ Kxd7 16. 0-0 Rhc8 17. Nd4 Ne6 18. N2f3 Nxd4 19. Nxd4 a6 20. Rfd1 Rxc1 21. Rxc1 Rc8 22. Rxc8 Kxc8 23. Kf1 Kb7 24. Ke2 b5 25. Kd3 Kb6 26. Kc3 a5 27. a3 Kc5 28. f4 Kb6 29. g4 Kc5 30. h4 Kb6 31. Kd3 a4 32. Nc2 Kc5 33. Nb4 h6 34. h5 f5 35. g5 1-0

[Event "Montigny le Bretonneux op 10th"]
[Site "Montigny le Bretonneux"]
[Date "2011.10.29"]
[Round "8"]
[White "Mongey, Alain"]
[Black "Branson, James"]
[Result "0-1"]
[WhiteElo "1704"]
[BlackElo "1708"]
[PlyCount "54"]
[EventDate "2011.10.22"]
[EventType "swiss"]
[EventRounds "9"]
[EventCountry "FRA"]
[SourceTitle "EXT 2012"]
[Source "ChessBase"]
[SourceDate "2011.11.24"]
[SourceVersion "1"]
[SourceVersionDate "2011.11.24"]
[SourceQuality "1"]

1. d4 Nf6 2. Bg5 Ne4 3. Bh4 g5 4. f3 gxh4 5. fxe4 Bg7 6. Nf3 c5 7. e3 cxd4 8. exd4 Qb6 9. b3 Nc6 10. c3 Qa5 11. Qd2 Qh5 12. Qf2 h3 13. g3 d6 14. Nbd2 0-0 15. Be2 Bg4 16. Nc4 b5 17. Ne3 b4 18. Rc1 bxc3 19. Nxg4 Qxg4 20. Ne5 Qxe4 21. Nxc6 Qxh1+ 22. Qf1 Qxc6 23. Bf3 d5 24. Qd3 Rac8 25. Rc2 Qg6 26. Qd1 Qf5 27. Be2 Rc6 0-1